Souvenirs de la Duchesse d'Uzès, née Mortemart. Préface de son petit-fils, le Comte de Cossé-Brissac. Avec 12 gravures hors texte
Guardat en:
| Autor principal: | |
|---|---|
| Format: | Llibre |
| Idioma: | francès |
| Publicat: |
París
Plon
1934
|
| Edició: | 1a. ed |
| Matèries: | |
| Etiquetes: |
Afegir etiqueta
Sense etiquetes, Sigues el primer a etiquetar aquest registre!
|
MARC
| LEADER | 00000nam a2200000 a 4500 | ||
|---|---|---|---|
| 001 | UCJ6939 | ||
| 003 | CL-VaPUC | ||
| 008 | 070124e19340414FR |||||||||||||||||fre|d | ||
| 082 | 0 | 4 | |a 923 |b UZE |2 21 |
| 100 | 0 | |a Uzès, Anne de Mortemart, Duquesa de |e author |9 514598 | |
| 245 | 1 | 0 | |a Souvenirs de la Duchesse d'Uzès, née Mortemart. Préface de son petit-fils, le Comte de Cossé-Brissac. Avec 12 gravures hors texte |
| 250 | |a 1a. ed | ||
| 300 | |a xxxviii, 203 p | ||
| 942 | |c BK | ||
| 945 | |d 20070124 00:00:00 |a rinostro | ||
| 260 | |a París |b Plon |c 1934 | ||
| 500 | |a Fotografías de la Duquesa en distintas etapas de su vida | ||
| 650 | 7 | |a BIOGRAFIA |2 CL-VaPUC |9 504622 | |
| 650 | 0 | |a Iconografía |9 267998 | |
| 650 | 7 | |a HERALDICA |2 CL-VaPUC |9 388228 | |
| 650 | 0 | |a Ilustraciones |9 369481 | |
| 650 | 7 | |a DIARIO |2 CL-VaPUC |9 441581 | |
| 650 | 7 | |a MEMORIAS |2 CL-VaPUC |9 269159 | |
| 650 | 7 | |a GUERRA MUNDIAL I |2 CL-VaPUC |9 399774 | |
| 583 | |a last modification |c 20070124 00:00:00 |k Rodrigo Vera | ||
| 999 | |c 323041 |d 323039 | ||
| 952 | |0 0 |1 0 |4 0 |6 923_000000000000000_UZE_1934 |7 0 |8 X |9 402275 |a FDOBUD |b FDOBUD |d 2019-11-22 |i 1055348 |o 923 UZE 1934 |p 1055348 |r 2019-11-22 |w 2019-11-22 |y BK_X |k BUD | ||